[Event "AUTO-OPEN-3838"]
[Site "http://www.queenalice.com/game.php?id=1524999"]
[Date "2018.4.26"]
[Round "3"]
[White "SubRoger"]
[Black "ArmandoFda"]
[Result "0-1"]
[WhiteElo "2124"]
[BlackElo "2616"]

1. d4 d5 2. Bf4 Bf5 3. Nf3 Nf6 4. h3 e6 5. e3 Bd6 6. Bxd6 cxd6 7. Nbd2 Nc6 8.
Bb5 Qb6 9. Bxc6+ bxc6 10. b3 h6 11. O-O O-O 12. c4 Rfc8 13. Re1 Rc7 14. Nf1 dxc4
15. bxc4 c5 16. Qb3 Ne4 17. N1d2 Nxd2 18. Nxd2 cxd4 19. e4 Bg6 20. Kh1 Qa5 21.
Qd3 e5 22. Nb3 Qa6 23. f3 d5 0-1

[Event "AUTO-OPEN-3838"]
[Site "http://www.queenalice.com/game.php?id=1525000"]
[Date "2018.4.26"]
[Round "3"]
[White "ArmandoFda"]
[Black "SubRoger"]
[Result "1-0"]
[WhiteElo "2617"]
[BlackElo "2128"]

1. e4 e6 2. d4 d5 3. exd5 exd5 4. Nf3 Bd6 5. Bd3 Nf6 6. Qe2+ Be6 7. c4 c6 8. Ng5
Qe7 9. c5 Bc7 10. O-O O-O 11. Bf5 Re8 12. Re1 h6 13. Nxe6 fxe6 14. Qxe6+ Qxe6
15. Bxe6+ Kh8 16. Bd2 Nbd7 17. Na3 Rad8 18. f3 Nf8 19. Bf5 N8d7 20. b4 a6 21.
Nc2 Rxe1+ 22. Rxe1 Kg8 23. a4 Rf8 24. Be6+ Kh8 25. Bxd7 Nxd7 26. Re7 Rd8 27. g3
Kg8 28. Ne3 g6 29. Ng4 h5 30. Nh6+ Kf8 31. Bg5 1-0

[Event "AUTO-MASTER-2632"]
[Site "http://www.queenalice.com/game.php?id=1526059"]
[Date "2018.5.4"]
[Round "2"]
[White "ArmandoFda"]
[Black "CNJEDUARDO"]
[Result "1-0"]
[WhiteElo "2642"]
[BlackElo "2017"]

1. e4 c5 2. Nf3 g6 3. c3 Bg7 4. d4 cxd4 5. cxd4 d5 6. e5 Bf5 7. Nc3 e6 8. Bb5+
Nc6 9. Bxc6+ bxc6 10. O-O Ne7 11. h3 O-O 12. Na4 h5 13. Nc5 Rb8 14. b3 Rb5 15.
Bf4 f6 16. Qc1 g5 17. exf6 gxf4 18. fxg7 Kxg7 19. Re1 1-0

[Event "AUTO-MASTER-2632"]
[Site "http://www.queenalice.com/game.php?id=1526060"]
[Date "2018.5.4"]
[Round "2"]
[White "CNJEDUARDO"]
[Black "ArmandoFda"]
[Result "1-0"]
[WhiteElo "1928"]
[BlackElo "2555"]

1. d4 Nf6 2. c4 e6 3. Nc3 Bb4 4. Qc2 O-O 5. Bg5 h6 6. Bh4 c5 7. dxc5 Na6 8. a3
Bxc3+ 9. Qxc3 Nxc5 10. f3 Nfe4 11. Bxd8 Nxc3 12. bxc3 Rxd8 13. e4 d6 14. Ne2 e5
15. Ng3 Na4 16. Bd3 Be6 17. Kd2 Nb6 18. Rhb1 Rd7 19. Rb4 Rc8 20. a4 Nxc4+ 21.
Ke2 Na5 22. Rc1 Rdc7 23. Nf5 g6 24. Nxh6+ Kg7 25. Ng4 Nb3 26. Rd1 Rxc3 27. Kf2
Nc5 28. Be2 Bxg4 29. fxg4 a5 30. Rb5 1-0

[Event "Let's Play Chess!"]
[Site "http://www.queenalice.com/game.php?id=1526432"]
[Date "2018.5.27"]
[Round "-"]
[White "Juuca"]
[Black "ArmandoFda"]
[Result "0-1"]
[WhiteElo "2309"]
[BlackElo "2641"]

1. e4 e6 2. d4 d5 3. Nc3 Nf6 4. Bg5 Be7 5. e5 Nfd7 6. h4 Bxg5 7. hxg5 Qxg5 8.
Nh3 Qh6 9. g3 a6 10. Bg2 Nc6 11. Nf4 Qg5 12. Rh5 Qe7 13. Kf1 g6 14. Rh1 h5 15.
Qd3 Nb6 16. a4 Nb4 17. Qe2 h4 18. a5 Nd7 19. Nd3 Nxd3 20. Qxd3 Nb8 21. Bxd5 exd5
22. Nxd5 Qd8 23. Nf6+ Kf8 24. Rxh4 Rxh4 25. gxh4 Nd7 0-1

[Event "Let's Play Chess!"]
[Site "http://www.queenalice.com/game.php?id=1528794"]
[Date "2018.5.28"]
[Round "-"]
[White "charles31"]
[Black "ArmandoFda"]
[Result "0-1"]
[WhiteElo "1660"]
[BlackElo "2623"]

1. Nc3 d5 2. d4 Nf6 3. Nf3 c5 4. dxc5 Nc6 5. e3 e6 6. a3 Bxc5 7. Bd3 e5 8. Bb5
Bd6 9. h3 O-O 10. Qe2 a6 11. Ba4 d4 12. exd4 exd4 13. Bxc6 dxc3 14. O-O bxc6 15.
b3 a5 16. Qc4 Ba6 17. Qxc6 Bxf1 18. Kxf1 Rc8 19. Qb5 Rc5 20. Qd3 Rd5 21. Qxc3
Rd1+ 22. Ne1 Ne4 23. Qf3 Rxc1 24. Qxe4 Rxa1 0-1

[Event "Let's Play Chess!"]
[Site "http://www.queenalice.com/game.php?id=1528797"]
[Date "2018.5.28"]
[Round "-"]
[White "ArmandoFda"]
[Black "charles31"]
[Result "1-0"]
[WhiteElo "2621"]
[BlackElo "1640"]

1. e4 e5 2. Nf3 d6 3. d4 exd4 4. Nxd4 h6 5. Nc3 a6 6. Bf4 Be7 7. Qd2 Bd7 8.
O-O-O Nc6 9. Kb1 Nxd4 10. Qxd4 Nf6 11. f3 c5 12. Qe3 b5 13. Bxd6 Bxd6 14. Rxd6
Qc7 15. e5 O-O 16. Rxf6 gxf6 17. Qxh6 Qxe5 18. Ne4 f5 19. Nf6+ 1-0

[Event "Let's Play Chess!"]
[Site "http://www.queenalice.com/game.php?id=1528935"]
[Date "2018.5.29"]
[Round "-"]
[White "paolop69"]
[Black "ArmandoFda"]
[Result "0-1"]
[WhiteElo "1809"]
[BlackElo "2630"]

1. e4 c5 2. Bc4 e6 3. d3 d5 4. exd5 exd5 5. Bb5+ Nc6 6. Qe2+ Be7 7. Bg5 Kf8 8.
Bxe7+ Ncxe7 9. Nf3 a6 10. Ba4 Qa5+ 11. Nc3 d4 12. Bb3 dxc3 13. Rb1 cxb2+ 14. Qd2
Qc7 15. Rxb2 Bg4 0-1

[Event "AUTO-ELITE-1901"]
[Site "http://www.queenalice.com/game.php?id=1529678"]
[Date "2018.6.3"]
[Round "2"]
[White "ArmandoFda"]
[Black "Ahlkhanvio"]
[Result "0-1"]
[WhiteElo "2591"]
[BlackElo "2478"]

1. d4 d5 2. c4 c6 3. Nf3 Nf6 4. e3 Bg4 5. Qb3 Qb6 6. Nc3 e6 7. Nh4 Bh5 8. h3 Be7
9. g4 Bg6 10. Nxg6 hxg6 11. Be2 Qxb3 12. axb3 Na6 13. Bd2 Nb4 14. Kf1 Kd7 15. c5
b6 16. Kg2 bxc5 17. dxc5 Bxc5 18. g5 Nh7 19. h4 Be7 20. Ra4 Rhb8 21. Rha1 Rb7
22. Na2 Nxa2 23. R1xa2 f6 24. f4 Nf8 25. b4 Bd8 26. Ba6 Rbb8 27. Bd3 Bb6 28. b5
c5 29. b3 Ke7 30. Ba5 Bxa5 31. Rxa5 Rb7 32. e4 Kf7 33. Ra6 Nd7 34. exd5 exd5 35.
Be2 Nb6 36. Bf3 Ke7 37. Kg3 f5 38. Re2+ Kf8 0-1

[Event "AUTO-ELITE-1901"]
[Site "http://www.queenalice.com/game.php?id=1529679"]
[Date "2018.6.3"]
[Round "2"]
[White "Ahlkhanvio"]
[Black "ArmandoFda"]
[Result "1-0"]
[WhiteElo "2488"]
[BlackElo "2581"]

1. d4 e6 2. c4 d5 3. g3 dxc4 4. Bg2 e5 5. dxe5 Qxd1+ 6. Kxd1 Bc5 7. Ke1 Nc6 8.
Bxc6+ bxc6 9. Nf3 Rb8 10. Nc3 Ne7 11. Na4 Bb6 12. Bd2 O-O 13. Rc1 Re8 14. h4 h6
15. h5 Be6 16. Rh4 c5 17. a3 Nf5 18. Rf4 Nd4 19. Nxd4 cxd4 20. Nxb6 Rxb6 21.
Rxd4 Rxb2 22. Bc3 Rb3 23. a4 Ra3 24. a5 Rb8 25. f3 Kf8 26. Rd2 Rbb3 27. Rdc2 Bf5
28. e4 Bd7 29. Kf2 c5 30. g4 g5 31. Ke2 Bb5 32. Kf2 Bd7 33. Ke2 Ke8 34. Kf2 Ba4
35. Kg3 Kf8 36. Kf2 Bb5 37. Kg2 Ke7 38. Kg3 Ba4 39. Kf2 1-0

[Event "AUTO-ELITE-1908"]
[Site "http://www.queenalice.com/game.php?id=1530036"]
[Date "2018.6.6"]
[Round "2"]
[White "ArmandoFda"]
[Black "Alsina"]
[Result "0-1"]
[WhiteElo "2635"]
[BlackElo "2525"]

1. d4 Nf6 2. c4 e6 3. Nf3 d5 4. Nc3 c6 5. e3 Nbd7 6. Bd3 dxc4 7. Bxc4 b5 8. Be2
Bb7 9. O-O Be7 10. a3 a5 11. b3 O-O 12. Bb2 b4 13. axb4 axb4 14. Na4 Qc7 15. Qc2
c5 16. Rac1 Rfc8 17. dxc5 Ne4 18. Bd3 Ndxc5 19. Qb1 f5 20. Bc4 Bd5 21. Bxd5 exd5
22. Nxc5 Bxc5 23. g3 Qd7 24. Qd3 Be7 25. Rxc8+ Rxc8 26. Bd4 Qc7 27. Be5 Qb7 28.
Ra1 Ra8 29. Rc1 Bc5 30. Rc2 g6 31. h4 Qd7 32. Kg2 Ra5 33. Bd4 Qb5 0-1

[Event "AUTO-ELITE-1908"]
[Site "http://www.queenalice.com/game.php?id=1530037"]
[Date "2018.6.6"]
[Round "2"]
[White "Alsina"]
[Black "ArmandoFda"]
[Result "1-0"]
[WhiteElo "2535"]
[BlackElo "2625"]

1. e4 e6 2. d4 d5 3. Nc3 Bb4 4. e5 Ne7 5. a3 Bxc3+ 6. bxc3 c5 7. Qg4 O-O 8. Bd3
c4 9. Bh6 Ng6 10. Bxg6 fxg6 11. Be3 Rf5 12. Ne2 Nc6 13. O-O b5 14. Ng3 Rf7 15.
Bd2 Ne7 16. f3 Nf5 17. Nxf5 gxf5 18. Qf4 Bd7 19. h4 h6 20. Kf2 Be8 21. h5 Rf8
22. Rh1 Qd7 23. Rab1 Rc8 24. Qg3 Kh8 25. Qh4 Qf7 26. Bf4 Rb8 27. Kg3 a5 28. Rb2
Rb7 29. Qd8 Re7 30. Qxa5 Ra7 31. Qb4 Ra4 32. Qd6 Bd7 33. Rb4 Ra7 34. Rbb1 1-0

[Event "AUTO-OPEN-3953"]
[Site "http://www.queenalice.com/game.php?id=1534989"]
[Date "2018.7.16"]
[Round "1"]
[White "ArmandoFda"]
[Black "maurice91"]
[Result "0-1"]
[WhiteElo "2650"]
[BlackElo "1863"]

1. d4 d5 2. c4 e6 3. Nf3 a6 4. Bg5 Be7 5. Bxe7 Nxe7 6. Nbd2 O-O 7. Qc2 c6 8. e3
dxc4 9. Nxc4 b5 10. Ncd2 Bb7 11. Bd3 f5 12. O-O Nd7 13. Rfc1 Rc8 14. b4 Nd5 15.
a3 N7f6 0-1

[Event "AUTO-OPEN-3953"]
[Site "http://www.queenalice.com/game.php?id=1534990"]
[Date "2018.7.16"]
[Round "1"]
[White "maurice91"]
[Black "ArmandoFda"]
[Result "1-0"]
[WhiteElo "1833"]
[BlackElo "2665"]

1. d4 d5 2. c4 e6 3. e3 Be7 4. Nf3 Nf6 5. Be2 O-O 6. O-O c6 7. b3 b6 8. Bb2 Nbd7
9. Nbd2 Bb7 10. Re1 Ne4 11. Qc2 f5 12. Ne5 Nxe5 13. dxe5 Bc5 14. Nxe4 fxe4 15.
Rad1 1-0